000 00904nam a2200205Ia 4500
003 GCL
008 140319s9999 xx 000 0 ara d
040 _aGCL /
_cGCL
082 0 4 _aق
_b932
_bم ع
100 1 _aمحمد ابوالمحاسن عصفور
245 1 0 _aعلاقات مصر بالشرق الادنى القديم: من اقدم العصور الى العصر اليونانى /
_cمحمد ابوالمحاسن عصفور
300 _a221 ص ؛
_c22 سم
490 _aالهيئة العامة للاستعلامات
_v0
650 0 4 _aالشرق الادنى
650 0 4 _aمصر القديمة - تاريخ - الدولة الوسطى ( 2260-1580 ق. م )
650 0 4 _aمصر القديمة - تاريخ - العصر اليونانى
650 0 4 _aمصر القديمة - تاريخ - العصر الفارسى
650 0 4 _aمصر القديمة - تاريخ
942 _2ddc
_cBK
999 _c50477
_d50477